Global Governance and Local Peace Accountability and Performance in International Peacebuilding
Na minha lista:
| Autor principal: | |
|---|---|
| Formato: | Livro |
| Idioma: | inglês |
| Publicado em: |
Cambridge
Cambridge University Press
2019
|
| Edição: | 1st Edition |
| Assuntos: | |
| Tags: |
Sem tags, seja o primeiro a adicionar uma tag!
|
MARC
| LEADER | 00000nam a2200000 4500 | ||
|---|---|---|---|
| 001 | 0272385 | ||
| 005 | 20240221112753.4 | ||
| 020 | |a 978-1-108-40763-2 | ||
| 020 | |a 978-1-108-41865-2 | ||
| 041 | 0 | |a eng | |
| 044 | |a GB | ||
| 245 | 1 | 0 | |a Global Governance and Local Peace |b Accountability and Performance in International Peacebuilding |c Susanna P. Campbell |
| 250 | |a 1st Edition | ||
| 264 | 1 | |a Cambridge |b Cambridge University Press |c 2019 | |
| 300 | |a 292 s. | ||
| 610 | 2 | 0 | |a konflikty medzinárodné |
| 610 | 2 | 0 | |a konflikty etnické |
| 610 | 2 | 0 | |a politika medzinárodná |
| 610 | 2 | 0 | |a bezpečnosť medzinárodná |
| 610 | 2 | 0 | |a mier |
| 610 | 2 | 0 | |a výskum |
| 610 | 2 | 0 | |a lokalizácia |
| 610 | 2 | 0 | |a organizácie medzinárodné |
| 610 | 2 | 0 | |a Organizácia spojených národov |
| 100 | 1 | |a Campbell, Susanna P. | |